|
|
|
|
| LEADER |
01434nam a22003137a 4500 |
| 001 |
37010 |
| 003 |
BD-DhAAL |
| 005 |
20200211171002.0 |
| 008 |
200211t2017 enka 001|0|eng|d |
| 999 |
|
|
|c 41699
|d 41699
|
| 020 |
|
|
|a 9781785880513
|
| 040 |
|
|
|a BD-DhAAL
|
| 082 |
|
|
|a 006.31
|2 23
|
| 100 |
|
|
|a Kamath, Uday
|9 39230
|
| 245 |
|
|
|a Mastering Java machine learning :
|b mastering and implementing advanced techniques in machine learning /
|c Uday Kamath, Krishna Choppella; foreword by Carlotta Domeniconi
|
| 260 |
|
|
|a Birmingham :
|b Packt Publishing,
|c c2017.
|
| 300 |
|
|
|a xxi, 519 pages :
|b illustrations ;
|c 24 cm.
|
| 500 |
|
|
|a Includes index.
|
| 526 |
|
|
|a CSE
|
| 541 |
|
|
|a Book Finder International
|e 37010, 37011
|
| 650 |
|
|
|a Machine learning.
|9 39231
|
| 650 |
|
|
|a Java (Computer program language).
|9 39232
|
| 650 |
|
|
|a Computer science.
|9 39233
|
| 700 |
|
|
|a Choppella, Krishna
|9 39234
|
| 700 |
|
|
|a Domeniconi, Carlotta
|9 39235
|
| 852 |
|
|
|a Ayesha Abed Library
|c General Stacks
|
| 942 |
|
|
|2 ddc
|c BK
|
| 952 |
|
|
|0 0
|1 0
|2 ddc
|4 0
|6 006_310000000000000_KAM
|7 0
|9 67820
|a BRACUL
|b BRACUL
|c GEN
|d 2020-02-04
|e Book Finder International
|g 5005.00
|l 3
|m 20
|o 006.31 KAM
|p 3010037010
|r 2025-03-10
|s 2024-11-02
|t 1
|v 5005.00
|w 2020-02-04
|y BK
|
| 952 |
|
|
|0 0
|1 0
|2 ddc
|4 0
|6 006_310000000000000_KAM
|7 0
|9 67821
|a BRACUL
|b BRACUL
|c GEN
|d 2020-02-04
|e Book Finder International
|g 5005.00
|l 5
|m 38
|o 006.31 KAM
|p 3010037011
|r 2025-04-26
|s 2025-02-13
|t 2
|v 5005.00
|w 2020-02-04
|y BK
|